| 000 | 00428nam a2200145 i 4500 | ||
|---|---|---|---|
| 001 | 29435 | ||
| 003 | ES-MaACL | ||
| 007 | t| | ||
| 008 | 030122s1917 fr ||||1| fre d | ||
| 100 | 1 |
_aBarbosa, Ruy. _925475 |
|
| 245 | 1 | 3 |
_aLe devoir des neutres _b: avant propos la sentence du juge par Grasa Aranha / _cRuy Barbosa. |
| 260 |
_aParís : _bF. Alcan, _c1917. |
||
| 300 |
_a91 p., 1 lám. ; _c21 cm. |
||
| 852 |
_aES-MaACL _jG-6139 |
||
| 999 |
_c29435 _d29435 |
||